Last 10 Asian Capitals Alphabetically - Statistics

General Stats
  • This quiz has been taken 32 times
    15 since last reset
  • The average score is 8 of 11
Answer Stats
Answer % Correct
Tashkent
93%
Yerevan
93%
Tehran
86%
Tokyo
86%
Ulan Bator
86%
Thimphu
79%
Singapore
71%
Vientiane
71%
Taipei
64%
Tbilisi
57%
Sri Jayawardenapura Kotte
36%
No matching quizzes found
Score Distribution
Percent of People with Each Score
Percentile by Number Answered
Your Score History
You have not taken this quiz since the last reset